[Event "Wch U20 Girls 30th"]
[Site "Athens"]
[Date "2012.08.08"]
[Round "7"]
[White "Forsaa, Elise"]
[Black "Medeiros, Thauane Ferreira"]
[Result "1/2-1/2"]
[WhiteElo "1836"]
[BlackElo "1855"]
[PlyCount "143"]
[EventDate "2012.08.02"]
[EventType "swiss"]
[EventRounds "13"]
[EventCountry "GRE"]
[SourceTitle "CBM 149 Extra"]
[Source "ChessBase"]
[SourceDate "2012.08.24"]
[SourceVersion "1"]
[SourceVersionDate "2012.08.24"]
[SourceQuality "1"]

1. e4 c5 2. Nf3 Nc6 3. d4 cxd4 4. Nxd4 g6 5. Be3 Bg7 6. Be2 Nf6 7. Nc3 0-0 8. 0-0 d6 9. Nb3 Ne5 10. Kh1 Neg4 11. Bg5 Qb6 12. Qe1 h6 13. Bxg4 hxg5 14. Bf3 Kh7 15. e5 dxe5 16. Qxe5 g4 17. Be2 Bf5 18. Qxe7 Rfe8 19. Qc5 Qxc5 20. Nxc5 Rac8 21. Nxb7 Rxc3 22. bxc3 Rxe2 23. Nd6 Rxc2 24. Nxf5 gxf5 25. Rac1 Rxa2 26. Ra1 Rc2 27. Rxa7 Kg6 28. Rc7 Ne4 29. f3 Nd2 30. Rg1 Be5 31. Rc6+ f6 32. fxg4 fxg4 33. Rd1 Ne4 34. Re1 Nxc3 35. Rc4 Kg5 36. Rf1 Re2 37. Rc8 Re4 38. Rg8+ Kh6 39. Rh8+ Kg7 40. Rd8 Ne2 41. Rd3 Nf4 42. Rb3 Re2 43. Rb4 f5 44. Kg1 Rxg2+ 45. Kh1 Rxh2+ 46. Kxh2 Nd3+ 47. Kg2 Nxb4 48. Rxf5 Bf6 49. Rf4 Nd5 50. Rxg4+ Kh6 51. Kf3 Bb2 52. Rg2 Bf6 53. Ke4 Ne7 54. Rf2 Bc3 55. Rf7 Bb4 56. Ke5 Kg5 57. Ke6 Kg4 58. Rg7+ Kf4 59. Rh7 Ba3 60. Rh3 Bc5 61. Rc3 Bd4 62. Rc4 Nf5 63. Rb4 Ke4 64. Rb1 Ne3 65. Rh1 Kd3 66. Rh4 Ng2 67. Rh3+ Ke4 68. Rb3 Ne3 69. Ra3 Nc4 70. Rh3 Ne3 71. Rg3 Kf4 72. Rxe3 1/2-1/2

[Event "Reykjavik op"]
[Site "Reykjavik"]
[Date "2012.03.11"]
[Round "7"]
[White "Forsaa, Elise"]
[Black "Stam, Bart"]
[Result "1/2-1/2"]
[WhiteElo "1789"]
[BlackElo "2048"]
[PlyCount "39"]
[EventDate "2012.03.06"]
[EventType "swiss"]
[EventRounds "9"]
[EventCountry "ISL"]
[SourceTitle "CBM 147 Extra"]
[Source "ChessBase"]
[SourceDate "2012.04.24"]
[SourceVersion "1"]
[SourceVersionDate "2012.04.24"]
[SourceQuality "1"]

1. e4 c5 2. Nf3 d6 3. d4 cxd4 4. Nxd4 Nf6 5. Nc3 a6 6. Be2 e5 7. Nb3 Be7 8. 0-0 Be6 9. f4 exf4 10. Rxf4 Nc6 11. Nd5 0-0 12. Be3 Bxd5 13. exd5 Ne5 14. Qd2 Rc8 15. Raf1 Ng6 16. Rb4 Qc7 17. c3 Ne8 18. Bb6 Qd7 19. Bd3 Bd8 20. Bd4 1/2-1/2

[Event "Reykjavik op"]
[Site "Reykjavik"]
[Date "2012.03.06"]
[Round "1"]
[White "Forsaa, Elise"]
[Black "Holm, Kristian Stuvik"]
[Result "0-1"]
[WhiteElo "1789"]
[BlackElo "2290"]
[PlyCount "78"]
[EventDate "2012.03.06"]
[EventType "swiss"]
[EventRounds "9"]
[EventCountry "ISL"]
[SourceTitle "CBM 147 Extra"]
[Source "ChessBase"]
[SourceDate "2012.04.24"]
[SourceVersion "1"]
[SourceVersionDate "2012.04.24"]
[SourceQuality "1"]

1. e4 c5 2. Nf3 g6 3. d4 cxd4 4. Nxd4 Bg7 5. Be3 Nc6 6. c4 Nf6 7. Nc3 0-0 8. Be2 d6 9. 0-0 Nxd4 10. Bxd4 Bd7 11. Rc1 Bc6 12. Bd3 a5 13. Kh1 Nd7 14. Bxg7 Kxg7 15. f4 Qb6 16. Qe2 Nc5 17. Bb1 a4 18. e5 f6 19. exf6+ exf6 20. h4 Rae8 21. Qd2 f5 22. Rfe1 Ne4 23. Bxe4 fxe4 24. Rcd1 Rf6 25. Re3 Rxf4 26. g3 Rf3 27. Rde1 Rxg3 28. Nd5 Bxd5 29. Qc3+ Re5 30. Rxg3 Be6 31. Rxe4 Qc6 32. Rge3 Bf5 33. Qd4 Bxe4+ 34. Kh2 Kg8 35. Re2 Bh1 36. Rf2 Qe4 37. Qxe4 Bxe4 38. Rd2 Re6 39. Rd4 Bc6 0-1